000 00330nam a2200133Ia 4500
008 240624s9999 xx 000 0 und d
041 _aeng
082 _a658.05 HOL
100 _aHOLTSNIDER BILL
245 _aIT MANAGERS HANDBOOK GETTING YOUR NEW JO
260 _c2001
_aUSA
_bAcademic Press
300 _axxx, : 337
365 _cRS
999 _c2179
_d2179